01192nab a22002417a 4500999001500000003000400015005001700019008004100036040000700077100003300084245007600117260007200193300001300265500003900278505026500317505008900582650002600671650003000697650003700727650002900764773014400793942001300937 c5973d5973OSt20260114154344.0190605e xxu||||| |||| 00| 0 spa d cPJ aLitterio, Liliana Hebe9455813aEl trabajo infantil en plena revolución 4.0 /cLiliana Hebe Litterio. aCiudad Autónoma de Buenos Aires :bThomson Reuters La Ley,c2022. ap. 23-30 aCita: TR LALEY AR/DOC/2437/2022.  aSumario: I. Introducción.— II. Algunas modalidades de trabajo infantil reemplazadas por la tecnología.— III. Algunas modalidades de explotación infantil exacerbadas por la tecnología.— IV. Las otras modalidades.— V. Breves reflexiones finales.  t¿Te interesa el texto completo? Solicitalo al correo: koha@justierradelfuego.gov.ar 091316aDERECHO LABORAL 091323aCONTRATO DE TRABAJO 091383aLEY DE CONTRATO DE TRABAJO 091548aTRABAJO DE MENORES0 0271193168dCiudad Autónoma de Buenos Aires : Thomson Reuters La Ley, 1999-2002.tRevista de derecho del trabajo. Nº 5 - Septiembre 2022 2udccANA